00462nam a2200145 i 450000100060000000300090000600500170001500700030003200800410003510000360007624501100011226000480022230000210027085200250029137608ES-MaACL20250712063122.0t|030221s1866 sp ||||1| spa d1 aCaballero, Fermín,d1800-187610aMemoria sobre algunas mejoras que pueden hacerse en la Instrucción primaria / cpor Fermín Caballero. aMadrid : b[s.n., c1866] (fImp. Nacional) a40 p. ; c19 cm. aES-MaACLjT-1305-F-4